[Event "FIDE World Bl Team Final"]
[Site "London ENG"]
[Date "2025.06.15"]
[Round "2.1"]
[White "Aronian, Levon"]
[Black "Erigaisi, Arjun"]
[Result "1/2-1/2"]
[WhiteTitle "GM"]
[BlackTitle "GM"]
[WhiteElo "2742"]
[BlackElo "2782"]
[WhiteTeam "B2 Hexamind Chess Team"]
[BlackTeam "D1 Team MGD1"]
[WhiteFideId "13300474"]
[BlackFideId "35009192"]
[EventDate "2025.06.15"]
[EventType "team-k.o. (blitz)"]

1. Nf3 d5 2. e3 Nf6 3. c4 e6 4. b3 b6 5. cxd5 exd5 6. Be2 Bd6 7. Ba3 O-O 8. Bxd6
Qxd6 9. Nc3 a6 10. Rc1 Re8 11. O-O Nbd7 12. d4 Bb7 13. Qc2 g6 14. Qb2 c5 15.
dxc5 bxc5 16. Rfd1 Qe7 17. h3 Rac8 18. Rd2 Red8 19. Rcd1 Nf8 20. Na4 Ne4 21. Rc2
Ne6 22. Nb6 Rb8 23. Qe5 f6 24. Qh2 Qf8 25. Na4 Kg7 26. Nc3 Nxc3 27. Rxc3 d4 28.
Rcc1 dxe3 29. fxe3 Qe7 30. Qg3 Nc7 31. Nh4 Be4 32. Bf3 Rxd1+ 33. Rxd1 Bc2 34.
Rd2 Bb1 35. Rb2 Bd3 36. Rd2 Bb1 37. Qe1 g5 38. Qxb1 Qxe3+ 39. Rf2 gxh4 40. Qe4
Qxe4 41. Bxe4 Rb4 42. Bd3 a5 43. Re2 Nd5 44. Bc4 Nb6 45. Re7+ Kf8 46. Rf7+ Ke8
47. Rxf6 Nxc4 48. bxc4 Rxc4 49. Rh6 a4 50. Rxh7 a3 51. Ra7 Rc3 52. Kf1 Rc1+ 53.
Kf2 Rc2+ 54. Kf3 Rxa2 55. g4 hxg3 56. Kxg3 c4 57. Kf3 c3 58. Ke3 Ra1 59. Kd3 a2
60. Kxc3 Rh1 61. Rxa2 1/2-1/2

[Event "FIDE World Bl Team Final"]
[Site "London ENG"]
[Date "2025.06.15"]
[Round "2.1"]
[White "Harikrishna, Pentala"]
[Black "Giri, Anish"]
[Result "1/2-1/2"]
[WhiteTitle "GM"]
[BlackTitle "GM"]
[WhiteElo "2707"]
[BlackElo "2748"]
[WhiteTeam "D1 Team MGD1"]
[BlackTeam "B2 Hexamind Chess Team"]
[WhiteFideId "5007003"]
[BlackFideId "24116068"]
[EventDate "2025.06.15"]
[EventType "team-k.o. (blitz)"]

1. Nf3 d5 2. d4 Nf6 3. c4 c6 4. Nc3 e6 5. cxd5 exd5 6. Bg5 Be7 7. Qc2 g6 8. e3
Bf5 9. Bd3 Bxd3 10. Qxd3 Nbd7 11. h3 O-O 12. O-O Re8 13. Bxf6 Nxf6 14. Rab1 a5
15. Qc2 Bd6 16. Rfe1 Qe7 17. Re2 Bb4 18. Ne5 Bd6 19. Nf3 Bb4 20. a3 Bxc3 21.
bxc3 Qxa3 22. Rxb7 Reb8 23. Rxb8+ Rxb8 24. Qa2 Qxc3 25. Rc2 Qb3 26. Ne5 a4 27.
Nxc6 Ra8 28. Qxb3 axb3 29. Rb2 Ra1+ 30. Kh2 Ra2 31. Rxb3 Rxf2 32. Ne5 Ne4 33.
Nd3 Rc2 34. Nf4 Nf6 35. Rb6 Kg7 36. Rd6 h5 37. Nxd5 Nxd5 38. Rxd5 Re2 39. Re5 h4
40. Kg1 f5 41. Kf1 Rd2 42. Re7+ Kf6 43. Rc7 Ra2 44. Rc1 Rd2 45. Re1 Ke6 46. Re2
Rd3 47. Kf2 g5 48. Kf3 Kd5 49. Rc2 f4 50. Rc5+ Kd6 51. Rxg5 fxe3 52. Rg4 Kd5 53.
Rxh4 Rd2 54. Rg4 e2 55. Kf2 Kc4 56. h4 Kd3 57. Rg3+ Kxd4 58. h5 Ke4 59. h6 Rd7
60. Rg7 Rd1 61. Kxe2 Rh1 62. h7 Kf5 63. Kf3 Kf6 64. Ra7 Kg5 65. Kg3 Kf5 66. Rg7
Kf6 67. Ra7 Kf5 68. Kf3 Rf1+ 69. Ke2 Rh1 70. Kf2 Kg4 71. Rf7 Kg5 72. Kg3 Kg6 73.
Ra7 Kf5 74. Kf2 Kg5 75. g3 Kf5 76. Kg2 Rh6 77. Ra5+ Kg6 78. Ra7 Rxh7 79. Rxh7
Kxh7 80. Kf3 Kg7 81. Ke4 Kg6 1/2-1/2

[Event "FIDE World Bl Team Final"]
[Site "London ENG"]
[Date "2025.06.15"]
[Round "2.1"]
[White "Vidit, Santosh Gujrathi"]
[Black "Anton Guijarro, David"]
[Result "1/2-1/2"]
[WhiteTitle "GM"]
[BlackTitle "GM"]
[WhiteElo "2720"]
[BlackElo "2642"]
[WhiteTeam "B2 Hexamind Chess Team"]
[BlackTeam "D1 Team MGD1"]
[WhiteFideId "5029465"]
[BlackFideId "2285525"]
[EventDate "2025.06.15"]
[EventType "team-k.o. (blitz)"]

1. d4 d5 2. c4 e6 3. Nc3 c6 4. e3 Nf6 5. Nf3 Nbd7 6. Be2 Be7 7. O-O b6 8. b3 Bb7
9. Bb2 O-O 10. a4 a5 11. Bd3 Bb4 12. Qe2 h6 13. Rfd1 Qe7 14. Na2 Bd6 15. Ne5 c5
16. Nxd7 Nxd7 17. Nc3 cxd4 18. exd4 Nf6 19. Nb5 Bb4 20. Bc1 Rac8 21. Bf4 Rfd8
22. Rac1 Bc6 23. Be5 Bb7 24. h3 Nd7 25. Bc7 Re8 26. Bg3 Nf6 27. Bh4 Red8 28. Bb1
Bc6 29. Bxf6 Qxf6 30. Na7 Rc7 31. cxd5 exd5 32. Nxc6 Rxc6 33. Rxc6 1/2-1/2

[Event "FIDE World Bl Team Final"]
[Site "London ENG"]
[Date "2025.06.15"]
[Round "2.1"]
[White "Pranav, V"]
[Black "Dominguez Perez, Leinier"]
[Result "1/2-1/2"]
[WhiteTitle "GM"]
[BlackTitle "GM"]
[WhiteElo "2595"]
[BlackElo "2738"]
[WhiteTeam "D1 Team MGD1"]
[BlackTeam "B2 Hexamind Chess Team"]
[WhiteFideId "25060783"]
[BlackFideId "3503240"]
[EventDate "2025.06.15"]
[EventType "team-k.o. (blitz)"]

1. e4 e5 2. Nf3 Nc6 3. Bb5 Nf6 4. Nc3 Nd4 5. O-O c6 6. Bd3 Nxf3+ 7. Qxf3 d6 8.
Be2 g6 9. d3 Bg7 10. Qg3 O-O 11. Kh1 d5 12. f4 dxe4 13. dxe4 exf4 14. Bxf4 Be6
15. Rad1 Qa5 16. Bd6 Rfe8 17. b4 Qa3 18. Rxf6 Bxf6 19. Nd5 Bb2 20. Nf6+ Kg7 21.
Nh5+ Kg8 22. Nf6+ Kg7 23. Nh5+ Kg8 24. Nf6+ Kg7 25. Nh5+ 1/2-1/2

[Event "FIDE World Bl Team Final"]
[Site "London ENG"]
[Date "2025.06.15"]
[Round "2.1"]
[White "Divya, Deshmukh"]
[Black "Tsolakidou, Stavroula"]
[Result "1-0"]
[WhiteTitle "IM"]
[BlackTitle "IM"]
[WhiteElo "2463"]
[BlackElo "2428"]
[WhiteTeam "B2 Hexamind Chess Team"]
[BlackTeam "D1 Team MGD1"]
[WhiteFideId "35006916"]
[BlackFideId "4264312"]
[EventDate "2025.06.15"]
[EventType "team-k.o. (blitz)"]

1. c4 Nf6 2. g3 g6 3. Bg2 Bg7 4. Nc3 O-O 5. Nf3 d6 6. O-O e5 7. d3 c6 8. Rb1 a5
9. a3 Re8 10. e4 Bg4 11. h3 Bxf3 12. Bxf3 Na6 13. b4 axb4 14. axb4 Nc7 15. Bg2
h5 16. Kh2 Ne6 17. Ne2 h4 18. Be3 d5 19. exd5 cxd5 20. Qb3 hxg3+ 21. fxg3 d4 22.
Bd2 Qc7 23. Rf2 e4 24. dxe4 Nd7 25. Nf4 Ne5 26. c5 Qc6 27. Rbf1 Qb5 28. Nd5 Qc4
29. Qd1 Ra2 30. h4 d3 31. Bh3 Qc2 32. Qe1 Nf3+ 33. Rxf3 Qxd2+ 34. Qxd2 Rxd2+ 35.
R3f2 Rxf2+ 36. Rxf2 Nd4 37. Bf1 d2 38. Nc3 Rxe4 39. Bg2 Re3 40. Nd1 Re1 41. Rxd2
Nc6 42. b5 Ne5 43. c6 bxc6 44. bxc6 Nxc6 45. Bxc6 Bh6 46. Rd8+ Kg7 47. Nf2 Re2
48. Kg2 Be3 49. Kf3 Rxf2+ 50. Kxe3 Rc2 51. Bf3 Rc3+ 52. Kf2 Rc2+ 53. Ke3 Rc3+
54. Kf2 Rc2+ 55. Be2 f5 56. Rd7+ Kf6 57. Rd6+ Kg7 58. Re6 Kf7 59. Ra6 Rb2 60.
Kf3 Rb4 61. Rc6 Kg7 62. Bf1 Rb3+ 63. Kf4 Rb4+ 64. Kf3 Rb3+ 65. Kg2 Rb4 66. Bd3
Rd4 67. Bc2 Rd2+ 68. Kf3 Rd4 69. h5 gxh5 70. Bxf5 1-0

[Event "FIDE World Bl Team Final"]
[Site "London ENG"]
[Date "2025.06.15"]
[Round "2.1"]
[White "Grischuk, Alexander"]
[Black "Anand, Viswanathan"]
[Result "1/2-1/2"]
[WhiteTitle "GM"]
[BlackTitle "GM"]
[WhiteElo "2667"]
[BlackElo "2743"]
[WhiteTeam "D2 KazChess"]
[BlackTeam "B1 Freedom"]
[WhiteFideId "4126025"]
[BlackFideId "5000017"]
[EventDate "2025.06.15"]
[EventType "team-k.o. (blitz)"]

1. e4 e5 2. Nf3 Nc6 3. Bb5 a6 4. Ba4 Nf6 5. d3 b5 6. Bb3 Bc5 7. c3 d6 8. Bg5 Rb8
9. Nbd2 h6 10. Bh4 Bb6 11. a4 O-O 12. O-O Qe7 13. Re1 Be6 14. Bd5 Bd7 15. Bxc6
Bxc6 16. axb5 axb5 17. d4 Kh8 18. h3 Bb7 19. Qe2 b4 20. dxe5 dxe5 21. Nc4 bxc3
22. bxc3 Qe6 23. Bxf6 Qxf6 24. Nfxe5 Rbd8 25. Nxb6 cxb6 26. Nc4 Qxc3 27. Nxb6
Rfe8 28. Na4 Qd4 29. Qe3 1/2-1/2

[Event "FIDE World Bl Team Final"]
[Site "London ENG"]
[Date "2025.06.15"]
[Round "2.1"]
[White "Sevian, Samuel"]
[Black "Rapport, Richard"]
[Result "0-1"]
[WhiteTitle "GM"]
[BlackTitle "GM"]
[WhiteElo "2687"]
[BlackElo "2714"]
[WhiteTeam "B1 Freedom"]
[BlackTeam "D2 KazChess"]
[WhiteFideId "2040506"]
[BlackFideId "738590"]
[EventDate "2025.06.15"]
[EventType "team-k.o. (blitz)"]

1. e4 c5 2. Nf3 Nc6 3. Bb5 g6 4. O-O Bg7 5. Re1 e5 6. Bxc6 dxc6 7. d3 Qe7 8. a4
Nf6 9. Na3 O-O 10. Nc4 Ne8 11. b3 Nc7 12. Bb2 f6 13. Nfd2 b6 14. Nf1 Ne6 15. Ng3
Bd7 16. Qd2 Rad8 17. Ne2 Nd4 18. Rf1 Be6 19. Rae1 Qc7 20. Qd1 b5 21. axb5 cxb5
22. Nd2 f5 23. exf5 Bxf5 24. Ng3 Bc8 25. Nde4 c4 26. bxc4 bxc4 27. Ba3 Rfe8 28.
Qb1 cxd3 29. cxd3 Ba6 30. Rc1 Qb6 31. Nc5 Qxb1 32. Rxb1 Bb5 33. Nb7 Bxd3 34.
Nxd8 Rxd8 35. h4 a5 36. Rb7 Bxf1 37. Kxf1 Ra8 38. Ne4 Nc2 39. Be7 a4 40. Bf6
Bxf6 41. Nxf6+ Kf8 42. Nxh7+ Ke8 43. Nf6+ Kd8 44. Rg7 Ra5 45. Rd7+ Kc8 46. Rd2
Nb4 47. Rb2 Nc6 48. Ne4 a3 49. Rb1 a2 50. Ra1 Ra3 51. Nd6+ Kd7 52. Nb5 Rb3 53.
Rxa2 Rxb5 54. g3 Ke6 55. Kg2 Nd4 56. g4 Kf6 57. Ra6+ Ne6 58. f3 Rb3 59. Kf2 Rc3
60. Rb6 Kf7 61. Rb7+ Nc7 62. Ke2 Rc6 63. Rb8 Nd5 64. Kd3 Nf6 65. Rb7+ Kf8 66.
Ra7 Rd6+ 67. Ke3 Rd4 68. Ra8+ Kf7 69. Ra7+ Ke6 70. Ra6+ Rd6 71. Ra8 Nd5+ 72. Ke4
Nc3+ 73. Ke3 Nd5+ 74. Ke4 Nf6+ 75. Ke3 Rb6 76. Ra7 Nd5+ 77. Kf2 Rb2+ 78. Ke1 Nf4
79. Kf1 Kd5 80. Rd7+ Ke6 81. Rd8 Rh2 82. Re8+ Kd5 83. Rd8+ Kc4 84. Re8 Kd4 85.
Kg1 Rxh4 86. Ra8 Ke3 87. Ra3+ Ke2 88. g5 Nd3 89. Kg2 Rh5 0-1

[Event "FIDE World Bl Team Final"]
[Site "London ENG"]
[Date "2025.06.15"]
[Round "2.1"]
[White "Esipenko, Andrey"]
[Black "Le, Quang Liem"]
[Result "1/2-1/2"]
[WhiteTitle "GM"]
[BlackTitle "GM"]
[WhiteElo "2689"]
[BlackElo "2729"]
[WhiteTeam "D2 KazChess"]
[BlackTeam "B1 Freedom"]
[WhiteFideId "24175439"]
[BlackFideId "12401137"]
[EventDate "2025.06.15"]
[EventType "team-k.o. (blitz)"]

1. d4 Nf6 2. Nf3 d5 3. g3 Bf5 4. c4 c6 5. Nc3 e6 6. Nh4 dxc4 7. Nxf5 exf5 8. e3
Nbd7 9. Bxc4 Nb6 10. Bb3 Qd7 11. Qe2 h5 12. Bd2 h4 13. O-O-O O-O-O 14. f3 hxg3
15. hxg3 Rxh1 16. Rxh1 Bd6 17. Rg1 Bc7 18. a3 Re8 19. Qd3 Kb8 20. Kb1 a6 21. Bc2
g6 22. e4 fxe4 23. fxe4 Ng4 24. Rf1 Rd8 25. Ne2 c5 26. Bg5 f6 27. Bxf6 Rf8 28.
e5 cxd4 29. Rf4 Nxf6 30. Rxf6 Re8 31. Nxd4 Rxe5 32. Nf3 Qxd3 33. Bxd3 Re3 34.
Bxg6 Nd7 35. Rf7 Bxg3 36. Rxd7 Rxf3 37. Rxb7+ Kxb7 38. Be4+ 1/2-1/2

[Event "FIDE World Bl Team Final"]
[Site "London ENG"]
[Date "2025.06.15"]
[Round "2.1"]
[White "Martirosyan, Haik M."]
[Black "Ansat, Aldiyar"]
[Result "1/2-1/2"]
[WhiteTitle "GM"]
[BlackTitle "IM"]
[WhiteElo "2635"]
[BlackElo "2489"]
[WhiteTeam "B1 Freedom"]
[BlackTeam "D2 KazChess"]
[WhiteFideId "13306553"]
[BlackFideId "13715658"]
[EventDate "2025.06.15"]
[EventType "team-k.o. (blitz)"]

1. d4 Nf6 2. c4 g6 3. Nc3 d5 4. cxd5 Nxd5 5. e3 Bg7 6. Bc4 Nxc3 7. bxc3 O-O 8.
Nf3 b6 9. O-O Bb7 10. a4 Nc6 11. Bd3 e5 12. Be2 Re8 13. d5 Na5 14. e4 c6 15. c4
Ba6 16. Nd2 Rc8 17. Re1 Qd7 18. Bb2 cxd5 19. cxd5 Bxe2 20. Rxe2 Rc7 21. h3 Rec8
22. Nf3 Nc4 23. Bc3 Qe8 24. Qd3 a5 25. Be1 Nd6 26. Qa6 Rb7 27. Rb1 Qxa4 28. Rxb6
Rxb6 29. Qxb6 Nxe4 30. d6 Nc5 31. Bxa5 e4 32. Ne1 Nd7 33. Qb7 Qc6 34. Qxc6 Rxc6
35. Bc7 Bf8 36. Rxe4 Bxd6 37. Bxd6 Rxd6 38. Nf3 Kg7 39. Re1 h6 40. Kf1 Nc5 41.
Kg1 Ne6 42. Re2 Ra6 43. Re1 Ra2 44. Rd1 Nc5 45. Rd2 1/2-1/2

[Event "FIDE World Bl Team Final"]
[Site "London ENG"]
[Date "2025.06.15"]
[Round "2.1"]
[White "Kamalidenova, Meruert"]
[Black "Muzychuk, Anna"]
[Result "1/2-1/2"]
[WhiteTitle "IM"]
[BlackTitle "GM"]
[WhiteElo "2330"]
[BlackElo "2535"]
[WhiteTeam "D2 KazChess"]
[BlackTeam "B1 Freedom"]
[WhiteFideId "13712802"]
[BlackFideId "14111330"]
[EventDate "2025.06.15"]
[EventType "team-k.o. (blitz)"]

1. e4 e5 2. Nf3 Nc6 3. Bb5 a6 4. Ba4 Nf6 5. O-O Be7 6. Re1 b5 7. Bb3 O-O 8. d3
d6 9. c3 Na5 10. Bc2 c5 11. Nbd2 Nc6 12. Nf1 Re8 13. h3 h6 14. Ng3 Be6 15. d4
cxd4 16. cxd4 exd4 17. Ne2 Nb4 18. Bb1 d3 19. Ned4 Rc8 20. a3 Nc2 21. Nxc2 dxc2
22. Bxc2 d5 23. e5 Ne4 24. Nd4 Bc5 25. Be3 Qc7 26. Bxe4 dxe4 27. Qh5 Bc4 28. Qg4
Qxe5 29. Rad1 Be6 30. Nxe6 Qxe6 31. Qg3 Bxe3 32. Rxe3 Rcd8 33. Rde1 f5 34. Qf4
Qe5 35. Qxe5 Rxe5 36. f3 Rd2 37. b4 Rd4 38. Rc1 Rd3 39. Rxd3 exd3 40. Rd1 Re3
41. f4 Kf7 42. Rd2 Ke6 43. Kf2 Re4 44. g3 g5 45. fxg5 hxg5 46. Rxd3 Rc4 47. Ke3
Rc1 48. Kf3 Ke5 49. Kf2 Rc2+ 50. Kf3 Rc1 51. Kf2 g4 52. hxg4 fxg4 53. Ke3 Re1+ 1/2-1/2

[Event "FIDE World Bl Team Final"]
[Site "London ENG"]
[Date "2025.06.15"]
[Round "2.1"]
[White "Mani, Sarbartho"]
[Black "Aiten, Islam"]
[Result "1-0"]
[WhiteElo "1847"]
[BlackElo "1950"]
[WhiteTeam "B1 Freedom"]
[BlackTeam "D2 KazChess"]
[WhiteFideId "366112022"]
[BlackFideId "13749420"]
[EventDate "2025.06.15"]
[EventType "team-k.o. (blitz)"]

1. d4 Nf6 2. Nf3 c5 3. e3 cxd4 4. exd4 g6 5. c3 Bg7 6. Bd3 O-O 7. O-O b6 8. Nbd2
Bb7 9. Re1 d6 10. Ne4 Nbd7 11. Bg5 Rc8 12. Qd2 Nxe4 13. Bxe4 d5 14. Bxe7 Qc7 15.
Bxf8 dxe4 16. Bxg7 exf3 17. Be5 Qc6 18. Qh6 Nxe5 19. Rxe5 fxg2 20. Rae1 Rf8 21.
Qe3 Bc8 22. Re8 Be6 23. Rxf8+ Kxf8 24. Qe5 Kg8 25. d5 Bxd5 26. Qe8+ Qxe8 27.
Rxe8+ Kg7 28. b3 Kf6 29. c4 Be6 30. Kxg2 Ke5 31. Ra8 a5 32. Ra6 Kd4 33. Rxb6 a4
34. bxa4 Bxc4 35. Rb4 Kc5 36. Rxc4+ Kxc4 37. a3 f5 38. Kg3 h6 39. Kf4 Kd5 40. h4
Ke6 41. a5 Kd6 42. h5 gxh5 43. Kxf5 Kc6 44. Kf4 Kb5 45. Kg3 Kxa5 46. Kh4 Ka4 47.
f4 Kxa3 48. f5 1-0

[Event "FIDE World Bl Team Final"]
[Site "London ENG"]
[Date "2025.06.15"]
[Round "2.1"]
[White "Nihal, Sarin"]
[Black "Abdusattorov, Nodirbek"]
[Result "0-1"]
[WhiteTitle "GM"]
[BlackTitle "GM"]
[WhiteElo "2696"]
[BlackElo "2767"]
[WhiteTeam "A2 Ashdod Elit Chess Club"]
[BlackTeam "C1 Uzbekistan"]
[WhiteFideId "25092340"]
[BlackFideId "14204118"]
[EventDate "2025.06.15"]
[EventType "team-k.o. (blitz)"]

1. e4 e5 2. Nf3 Nc6 3. Bc4 Nf6 4. d3 Bc5 5. O-O a6 6. c3 d6 7. a4 Ba7 8. Re1 O-O
9. h3 Be6 10. Nbd2 h6 11. a5 Re8 12. b3 d5 13. exd5 Nxd5 14. Qc2 Nf4 15. Ne4
Bxc4 16. dxc4 Qd3 17. Qd1 Qxd1 18. Rxd1 Ne2+ 19. Kf1 Nxc1 20. Rdxc1 f5 21. Ng3
e4 22. Ne1 Rad8 23. b4 g6 24. Rd1 Ne5 25. c5 c6 26. Ne2 Bb8 27. Nd4 Kf7 28. Nec2
Rd7 29. Ne2 Nd3 30. Ne1 Red8 31. Nxd3 Rxd3 32. Rxd3 Rxd3 33. Ke1 Be5 34. Rc1 Ke6
35. Rc2 Kd5 36. c4+ Ke6 37. b5 Ra3 38. bxa6 bxa6 39. f3 e3 40. f4 Bf6 41. Nc1
Rxa5 42. Ke2 Ra3 43. Nd3 Bd4 44. Nb4 Bxc5 45. Nxc6 g5 46. g3 gxf4 47. gxf4 a5
48. Ne5 a4 49. Nd3 Kd6 50. Rb2 Rb3 51. Ra2 a3 52. Ra1 Bd4 53. Ra2 Rb2+ 54. Nxb2
axb2 55. Ra6+ 0-1

[Event "FIDE World Bl Team Final"]
[Site "London ENG"]
[Date "2025.06.15"]
[Round "2.1"]
[White "Sindarov, Javokhir"]
[Black "Moiseenko, Alexander"]
[Result "1-0"]
[WhiteTitle "GM"]
[BlackTitle "GM"]
[WhiteElo "2710"]
[BlackElo "2568"]
[WhiteTeam "C1 Uzbekistan"]
[BlackTeam "A2 Ashdod Elit Chess Club"]
[WhiteFideId "14205483"]
[BlackFideId "14102560"]
[EventDate "2025.06.15"]
[EventType "team-k.o. (blitz)"]

1. e4 c5 2. Nf3 Nc6 3. Nc3 e5 4. Bc4 Be7 5. d3 d6 6. h3 Nf6 7. Nh2 O-O 8. Ng4
Be6 9. a3 a6 10. O-O b5 11. Nxf6+ Bxf6 12. Ba2 Bxa2 13. Rxa2 Bg5 14. Be3 g6 15.
Nd5 Bxe3 16. fxe3 Ne7 17. Nf6+ Kg7 18. b4 Ng8 19. Nd5 Ne7 20. bxc5 dxc5 21. c4
Nxd5 22. cxd5 Qd6 23. Rc2 Rac8 24. Qd2 c4 25. dxc4 Rxc4 26. Rxc4 bxc4 27. Qc3
Rc8 28. Rb1 h5 29. a4 Rc5 30. Rb7 Rc7 31. Rb8 f6 32. a5 Qc5 33. Rb6 Rf7 34. Rxa6
Rb7 35. Rc6 Qb4 36. Rxc4 Qxc3 37. Rxc3 Rb1+ 38. Kh2 Ra1 39. Rc7+ Kf8 40. Ra7 h4
41. a6 f5 42. Ra8+ Kg7 43. d6 fxe4 44. d7 1-0

[Event "FIDE World Bl Team Final"]
[Site "London ENG"]
[Date "2025.06.15"]
[Round "2.1"]
[White "Gledura, Benjamin"]
[Black "Kasimdzhanov, Rustam"]
[Result "1-0"]
[WhiteTitle "GM"]
[BlackTitle "GM"]
[WhiteElo "2668"]
[BlackElo "2675"]
[WhiteTeam "A2 Ashdod Elit Chess Club"]
[BlackTeam "C1 Uzbekistan"]
[WhiteFideId "712779"]
[BlackFideId "14200244"]
[EventDate "2025.06.15"]
[EventType "team-k.o. (blitz)"]

1. g3 g6 2. Bg2 Bg7 3. e4 d6 4. d4 Nf6 5. Ne2 O-O 6. O-O e5 7. Nbc3 Nc6 8. dxe5
dxe5 9. Nd5 Nxd5 10. exd5 Ne7 11. c4 Nf5 12. c5 Re8 13. Nc3 Nd4 14. Be3 Bf5 15.
Rc1 b6 16. b4 a5 17. d6 cxd6 18. Bxd4 exd4 19. Nb5 dxc5 20. Bxa8 Qxa8 21. Nc7
Qc6 22. Nxe8 Bh3 23. f3 Qxe8 24. Re1 Qc6 25. bxc5 bxc5 26. Qe2 Be6 27. Qe4 Qxe4
28. Rxe4 d3 29. Kf2 d2 30. Rd1 Bc3 31. Rxe6 fxe6 32. Ke2 c4 33. Rxd2 Bxd2 34.
Kxd2 1-0

[Event "FIDE World Bl Team Final"]
[Site "London ENG"]
[Date "2025.06.15"]
[Round "2.1"]
[White "Vokhidov, Shamsiddin"]
[Black "Eljanov, Pavel"]
[Result "0-1"]
[WhiteTitle "GM"]
[BlackTitle "GM"]
[WhiteElo "2644"]
[BlackElo "2669"]
[WhiteTeam "C1 Uzbekistan"]
[BlackTeam "A2 Ashdod Elit Chess Club"]
[WhiteFideId "14204223"]
[BlackFideId "14102951"]
[EventDate "2025.06.15"]
[EventType "team-k.o. (blitz)"]

1. e4 e5 2. Nf3 Nc6 3. Bb5 a6 4. Ba4 Nf6 5. O-O Nxe4 6. d4 Be7 7. Re1 b5 8. Rxe4
d5 9. Nxe5 Nxe5 10. Bxb5+ axb5 11. Rxe5 O-O 12. Bf4 g5 13. Bg3 f5 14. f4 Bd6 15.
Re1 gxf4 16. Bf2 f3 17. Qxf3 c6 18. Nd2 f4 19. Qh5 Qf6 20. Nf3 Bf5 21. Ne5 Ra7
22. Ng4 Qg6 23. Qxg6+ Bxg6 24. c3 Be4 25. Ne5 Rg7 26. g3 h5 27. h4 fxg3 28. Be3
Bxe5 29. dxe5 Rg4 30. Bc5 Rxh4 31. Rxe4 Rxe4 32. Bxf8 Kxf8 33. Kg2 h4 34. Kh3
Ke7 35. Rf1 Ke6 36. Rf6+ Kxe5 37. Rxc6 Rg4 38. Kxg4 g2 39. Kxh4 g1=Q 40. b4 Qf2+ 0-1

[Event "FIDE World Bl Team Final"]
[Site "London ENG"]
[Date "2025.06.15"]
[Round "2.1"]
[White "Osmak, Yuliia"]
[Black "Khamdamova, Afruza"]
[Result "1-0"]
[WhiteTitle "IM"]
[BlackTitle "WIM"]
[WhiteElo "2468"]
[BlackElo "2326"]
[WhiteTeam "A2 Ashdod Elit Chess Club"]
[BlackTeam "C1 Uzbekistan"]
[WhiteFideId "14101602"]
[BlackFideId "14210444"]
[EventDate "2025.06.15"]
[EventType "team-k.o. (blitz)"]

1. e4 e5 2. Nf3 Nc6 3. Bb5 a6 4. Ba4 Nf6 5. Qe2 b5 6. Bb3 Bc5 7. c3 d6 8. d3 h6
9. O-O O-O 10. a4 Bd7 11. Nbd2 Bb6 12. h3 Ne7 13. Re1 Ng6 14. Nf1 c5 15. Ng3 Qc7
16. Be3 Rfc8 17. Qd2 c4 18. Bc2 Bxe3 19. Qxe3 cxd3 20. Qxd3 Nf4 21. Qd2 Be6 22.
Nf5 Bxf5 23. exf5 Qc6 24. Qe3 b4 25. c4 Qxc4 26. Bb3 Qc5 27. Rad1 Qxe3 28. fxe3
N4h5 29. Rxd6 Rc5 30. Red1 Re8 31. Rxa6 Ng3 32. Ra7 Rf8 33. Rxf7 Rxf7 34. Rd8+
Kh7 35. Bxf7 Nxf5 36. e4 Ne3 37. Be6 Rc2 38. Nxe5 Rxg2+ 39. Kh1 Rg3 40. Kh2 Rg2+
41. Kh1 Rg3 42. a5 Nf1 43. a6 g6 44. a7 Nxe4 45. Rd7+ 1-0

[Event "FIDE World Bl Team Final"]
[Site "London ENG"]
[Date "2025.06.15"]
[Round "2.1"]
[White "Imomkuzieva, Nilufarkhon"]
[Black "Sailaubay, Aldiyar"]
[Result "1-0"]
[WhiteTitle "WFM"]
[WhiteElo "2066"]
[BlackElo "1910"]
[WhiteTeam "C1 Uzbekistan"]
[BlackTeam "A2 Ashdod Elit Chess Club"]
[WhiteFideId "14216736"]
[BlackFideId "13729357"]
[EventDate "2025.06.15"]
[EventType "team-k.o. (blitz)"]

1. e4 c5 2. Nf3 Nc6 3. d4 cxd4 4. Nxd4 Nf6 5. Nc3 d6 6. Bg5 Qa5 7. Bxf6 gxf6 8.
Bc4 Qc5 9. Nxc6 bxc6 10. Qd3 Bh6 11. Ne2 O-O 12. O-O Kh8 13. Kh1 Rb8 14. Bb3 Qa5
15. Nd4 Qc5 16. h3 Bf4 17. Rad1 Be5 18. c3 Bxd4 19. cxd4 Qa5 20. Qc3 Qxc3 21.
bxc3 Ba6 22. Rfe1 Kg7 23. f4 Rfc8 24. e5 fxe5 25. fxe5 dxe5 26. Rxe5 e6 27. Ra5
Rb6 28. c4 Bb7 29. Rxa7 c5 30. dxc5 Rxc5 31. Rd7 Be4 32. Rxf7+ Kh6 33. Rac7 Rg5
34. Rf2 Rg3 35. Kh2 Rg6 36. c5 Rb5 37. Bc2 Bxc2 38. Rxc2 e5 39. a4 Ra5 40. Rc4
Re6 41. Rb7 e4 42. Rb6 Rxb6 43. cxb6 e3 44. b7 e2 45. Re4 1-0

[Event "FIDE World Bl Team Final"]
[Site "London ENG"]
[Date "2025.06.15"]
[Round "2.2"]
[White "Nepomniachtchi, Ian"]
[Black "Keymer, Vincent"]
[Result "0-1"]
[WhiteTitle "GM"]
[BlackTitle "GM"]
[WhiteElo "2757"]
[BlackElo "2730"]
[WhiteTeam "A1 WR Chess Team"]
[BlackTeam "C2 Germany and Friends"]
[WhiteFideId "4168119"]
[BlackFideId "12940690"]
[EventDate "2025.06.15"]
[EventType "team-k.o. (blitz)"]

1. e4 e5 2. Nf3 Nc6 3. Bc4 Nf6 4. d3 h6 5. a4 a6 6. O-O Bc5 7. a5 d6 8. c3 O-O
9. h3 Ba7 10. Re1 Re8 11. Qb3 Qe7 12. Nbd2 Rb8 13. Nf1 Be6 14. Ng3 Bxc4 15. Qxc4
Qe6 16. Qa4 d5 17. Be3 Bxe3 18. Rxe3 Rbd8 19. Ree1 dxe4 20. dxe4 Rd3 21. Nf5
Red8 22. Ne3 Nh5 23. Rad1 Nf4 24. Kh2 Qg6 25. Rxd3 Rxd3 26. Qc2 Qxe4 27. Ng4 Qg6
28. Qc1 Rxf3 29. gxf3 Qh5 30. Nf6+ gxf6 31. Rg1+ Kf8 32. Qf1 Qxf3 33. Rg3 Qe2
34. Qxe2 Nxe2 35. Rd3 Ke8 36. b4 Nf4 37. Rg3 Ne7 38. h4 h5 39. c4 Kd7 40. b5 Nf5
41. Rg8 Nd6 42. Rb8 Nxc4 43. Rxb7 axb5 44. a6 Kc6 45. Rb8 Nd5 46. Kg2 Ncb6 47.
Kf3 b4 48. Ke2 b3 49. Kd2 b2 50. Kc2 Nb4+ 51. Kxb2 Nxa6 52. Rf8 Nc5 53. Rxf7 Nd5
54. Kc2 Kd6 55. Kd2 Ne6 56. Kd3 Nc5+ 57. Kc4 Ne6 58. Kd3 Nef4+ 59. Ke4 Ke6 60.
Rf8 f5+ 61. Kf3 e4+ 62. Kg3 Ne2+ 63. Kg2 Ke5 64. Rc8 Kd4 65. Kf1 Nef4 66. Rf8 c5
67. Rxf5 c4 68. Ke1 Nd3+ 69. Kd1 e3 70. Rxh5 exf2 71. Ke2 N5f4+ 72. Kf1 Nxh5 0-1